000 00543nam a2200205 4500
003 OSt
005 20260530115305.0
008 260507b1972 |||ae||| |||| 001 0 eng d
020 _a0870703943
040 _aICI
_bspa
_cICI
050 _aNK1455I8
_bI83
100 1 _aAmbaz, Emilo
_931760
245 1 0 _aItaly: The New Domestic Landscape
264 1 _bThe Museum of Modern Art
_c1972
_aItalia
300 _a430 páginas
336 _atexto
_2rdacontent
337 _asin medio
_2rdamedia
338 _avolumen
_2rdacarrier
942 _2lcc
_cBK
_n1
999 _c13028
_d13028